| 000 | 00778cam a22002533a 4500 | ||
|---|---|---|---|
| 001 | 7282 | ||
| 003 | PGUSA | ||
| 005 | 20140828083143.0 | ||
| 008 | 050101s2005||||xxu|||||s|||||000 | eng d | ||
| 040 |
_aPGUSA _beng |
||
| 042 | _adc | ||
| 050 | 4 | _aPA | |
| 100 | 1 |
_aPlautus, Titus Maccius, _d-254--184 |
|
| 245 | 1 | 4 |
_aThe Captivi and the Mostellaria _h[electronic resource] / _cTitus Maccius Plautus |
| 260 |
_bProject Gutenberg, _c2005 |
||
| 506 | _aPublic domain in the USA. | ||
| 516 | _aElectronic text | ||
| 653 | _aPlautus, Titus Maccius -- Translations into English | ||
| 653 | _aLatin drama (Comedy) | ||
| 700 | 1 |
_aRiley, Henry T. _q(Henry Thomas), _d1816-1878 |
|
| 830 | 0 |
_aProject Gutenberg _v7282 |
|
| 856 | 4 | 0 | _uhttp://www.gutenberg.org/ebooks/7282 |
| 942 | _cEB | ||
| 999 |
_c236602 _d236602 |
||